000 00856nam a2200229 i 4500
001 bg
245 1 0 _aPodstawy obliczeń w chemii ogólnej /
_cHenryk Bala [et al.].
260 _aCzęstochowa :
_bWIPMiFS PC,
_c2005.
300 _a242, [11] s. :
_brys. ;
_c24 cm.
490 1 _aMateriały Dydaktyczne Wydziału Inżynierii Procesowej, Materiałowej i Fizyki Stosowanej / Politechnika Częstochowska. Metalurgia ;
_vnr 50
650 9 _aChemia
655 _aPodręczniki akademickie
700 1 _aBALA, Henryk
830 0 _aMateriały Dydaktyczne Wydziału Inżynierii Procesowej, Materiałowej i Fizyki Stosowanej (Politechnika Częstochowska).
_pMetalurgia ;
_vnr 50
020 _a8387745081
040 _cBPK
041 0 _apol
080 _a54(075.8)(076)
920 _a83-87745-08-1
942 _cKS
008 s pl f |000 0 pol
999 _c51754
_d51754
856 _uhttp://koha.tu.koszalin.pl/cgi-bin/koha/opac-detail.pl?biblionumber=51754
_yKatalog online BPK